书目信息 |
| 题名: |
三岛由纪夫传
|
|
| 作者: | 唐月梅 著 | |
| 分册: | ||
| 出版信息: | 北京 新世界出版社 2003.10 |
|
| 页数: | 208页 | |
| 开本: | 21cm | |
| 丛书名: | 20世纪外国经典作家传记 | |
| 单 册: | ||
| 中图分类: | K833.135 | |
| 科图分类: | ||
| 主题词: | ||
| 电子资源: | ||
| ISBN: | 7-80187-096-4 | |
| 000 | 00984nam0 22002532 4500 | |
| 001 | 192004001062 | |
| 005 | 20070905144148.54 | |
| 010 | @a7-80187-096-4@dCNY26.00 | |
| 100 | @a20070531d2003 ekmy0chiy0121 ea | |
| 101 | 0 | @achi |
| 102 | @aCN@b110000 | |
| 105 | @aa a 000yb | |
| 200 | 1 | @a三岛由纪夫传@Asan dao you ji fu chuan@f唐月梅著 |
| 210 | @a北京@c新世界出版社@d2003.10 | |
| 215 | @a208页@c图@d21cm | |
| 225 | 2 | @a20世纪外国经典作家传记@A20 shi ji wai guo jing dian zuo jia zhuan ji |
| 320 | @a有书目 (第201-202页) | |
| 330 | @a本书以颇具特色的文字描绘了三岛由纪夫传奇般的人生经历,他的病态的少年时期,他的失恋以及在日本文坛产生过重要影响的作品,最后是他成为右翼分子切腹自杀的悲剧性结局。书中有不少体现传主性格的照片,可谓与文字相得益彰。 | |
| 410 | 0 | @12001 @a20世纪外国经典作家传记 |
| 600 | 0 | @a三岛由纪夫,@Asan dao you ji fu,@e日@f1925-0970@x传记 |
| 690 | @aK833.135@v4 | |
| 701 | 0 | @a唐月梅@Atang yue mei@4著 |
| 801 | 0 | @aCN@c20070905 |
| 905 | @dK833.135@eT274 | |
| 三岛由纪夫传/唐月梅著.-北京:新世界出版社,2003.10 |
| 208页:图;21cm.-(20世纪外国经典作家传记) |
| ISBN 7-80187-096-4:CNY26.00 |
| 本书以颇具特色的文字描绘了三岛由纪夫传奇般的人生经历,他的病态的少年时期,他的失恋以及在日本文坛产生过重要影响的作品,最后是他成为右翼分子切腹自杀的悲剧性结局。书中有不少体现传主性格的照片,可谓与文字相得益彰。 |
| ● |
| 相关链接 |
|
|
|
正题名:三岛由纪夫传
索取号:K833.135/T274
 
预约/预借
| 序号 | 登录号 | 条形码 | 馆藏地/架位号 | 状态 | 备注 |
| 1 | 624034 | 206240343 | 社科二线400B/309社科库 60排6列4层/ [索取号:K833.135/T274] | 在馆 | |
| 2 | 624035 | 206240352 | 社科二线400B/400B社科库 32排3列1层/ [索取号:K833.135/T274] | 在馆 | |
| 3 | 624036 | 206240361 | 社科库309/309社科库 60排6列3层/ [索取号:K833.135/T274] | 在馆 |